000 00390nam a2200181Ia 4500
001 938
005 20260306140555.0
008 260306t2000||||xx |||||||||||||| ||spa||
041 _aESP
082 _a174.4
_bG35
100 _aGéliner, Octave
_eAUT
245 0 _aÉtica de los negocios
260 _c2000
300 _a
_c
650 _aGEN
654 _aCHU
942 _cLIB
_dJUS
_fJUS
_2ddc
_n
999 _c938
_d938